<?xml version="1.0" encoding="UTF-8"?><?xml-stylesheet type="text/xsl" href="static/style.xsl"?><OAI-PMH xmlns="http://www.openarchives.org/OAI/2.0/" xmlns:xsi="http://www.w3.org/2001/XMLSchema-instance" xsi:schemaLocation="http://www.openarchives.org/OAI/2.0/ http://www.openarchives.org/OAI/2.0/OAI-PMH.xsd"><responseDate>2026-04-29T06:16:06Z</responseDate><request verb="GetRecord" identifier="oai:repisalud.isciii.es:20.500.12105/23435" metadataPrefix="marc">https://repisalud.isciii.es/rest/oai/request</request><GetRecord><record><header><identifier>oai:repisalud.isciii.es:20.500.12105/23435</identifier><datestamp>2024-11-28T21:18:39Z</datestamp><setSpec>com_20.500.12105_15322</setSpec><setSpec>com_20.500.12105_2051</setSpec><setSpec>col_20.500.12105_16967</setSpec></header><metadata><record xmlns="http://www.loc.gov/MARC21/slim" xmlns:dcterms="http://purl.org/dc/terms/" xmlns:doc="http://www.lyncode.com/xoai" xmlns:xsi="http://www.w3.org/2001/XMLSchema-instance" xsi:schemaLocation="http://www.loc.gov/MARC21/slim http://www.loc.gov/standards/marcxml/schema/MARC21slim.xsd">
   <leader>00925njm 22002777a 4500</leader>
   <datafield ind2=" " ind1=" " tag="042">
      <subfield code="a">dc</subfield>
   </datafield>
   <datafield ind2=" " ind1=" " tag="720">
      <subfield code="a">Siquier, Antónia</subfield>
      <subfield code="e">author</subfield>
   </datafield>
   <datafield ind2=" " ind1=" " tag="720">
      <subfield code="a">Andres, Pilar</subfield>
      <subfield code="e">author</subfield>
   </datafield>
   <datafield ind2=" " ind1=" " tag="260">
      <subfield code="c">2022</subfield>
   </datafield>
   <datafield ind2=" " ind1=" " tag="520">
      <subfield code="a">Objective: Memory impairment is a hallmark cognitive deficit in Parkinson's disease (PD). However, it remains unclear which processes underlie this deficit in PD. Also, little is known on these patients' subjective experiences of memory difficulties and their relationship with objective measures. We aim to portray memory deficits in PD by combining objective and subjective memory measures. Methods: Fifteen PD patients and 15 controls were assessed with an extended version of the Face-Name Associative Memory Exam (FNAME) and the Memory Failures of Everyday Questionnaire (MFE-28). We also explored the relationship among clinical and cognitive variables. Results: Participants with PD presented with more memory complaints. On the FNAME, these patients exhibited lower performance in free recall, as well as in name recognition and matching. Importantly, when controlling for initial learning, group effects disappeared, except for matching. Associative memory therefore was significantly compromised in PD and correlated with subjective memory complaints (SMC). Conclusion: Our findings suggest that associative memory may constitute a sensitive measure to detect subtle memory deficits in PD. Moreover, the current study further clarifies the source of memory impairment in PD. Thus, our study highlights the clinical value of including associative memory tests such as the FNAME in PD neuropsychological assessment.</subfield>
   </datafield>
   <datafield ind1="8" ind2=" " tag="024">
      <subfield code="a">Siquier A, Andrés P. Face name matching and memory complaints in Parkinson´s disease. Front Psychol. 2022;13:1051488.</subfield>
   </datafield>
   <datafield ind1="8" ind2=" " tag="024">
      <subfield code="a">1664-1078</subfield>
   </datafield>
   <datafield ind1="8" ind2=" " tag="024">
      <subfield code="a">https://hdl.handle.net/20.500.13003/18688</subfield>
   </datafield>
   <datafield ind1="8" ind2=" " tag="024">
      <subfield code="a">https://hdl.handle.net/20.500.12105/23435</subfield>
   </datafield>
   <datafield ind1="8" ind2=" " tag="024">
      <subfield code="a">36452376</subfield>
   </datafield>
   <datafield ind1="8" ind2=" " tag="024">
      <subfield code="a">10.3389/fpsyg.2022.1051488</subfield>
   </datafield>
   <datafield ind1="8" ind2=" " tag="024">
      <subfield code="a">Frontiers in psychology</subfield>
   </datafield>
   <datafield ind1="8" ind2=" " tag="024">
      <subfield code="a">890404800001</subfield>
   </datafield>
   <datafield ind2="0" ind1="0" tag="245">
      <subfield code="a">Face name matching and memory complaints in Parkinson's disease</subfield>
   </datafield>
</record></metadata></record></GetRecord></OAI-PMH>